| 000 | 01284nam a2200217Ia 4500 | ||
|---|---|---|---|
| 003 | Ost | ||
| 005 | 20260507075301.0 | ||
| 008 | 260507s9999||||xx |||||||||||||| ||und|| | ||
| 040 | _cfsecg | ||
| 041 | _aara | ||
| 082 | _a330 | ||
| 100 |
_aالموسوي، منعم زمزير _eمؤلف |
||
| 245 | 0 |
_aإدارة الانتاج و العمليات : _bالنظرية و التطبيق / _c منعم زمزير الموسوي |
|
| 260 |
_aعمان: _bدار زهران, _c2012 |
||
| 300 |
_a350 صفحة؛ _bإيضاحات ؛ _c25 سم |
||
| 520 | _aتطور العمليات الانتاجية و اختيار موقع المشروع و تصميم بناء المصنع ، مدخل الى نظم الانتاج المتكامل و جدولة الانتاج الرئيسية ، التركيبة الفنية للمنتوج و ادارة المخزون الصناعي ، نظام تخطيط الاحتياطات من المواد الصناعية ، تخطيط الطاقة الانتاجية و ضبط فعالية الانتاج و جودته ، دراسة الحركة و الزمن و أخيرا التطرق الى تكاليف الانتاج. | ||
| 653 | _aإدارة الانتاج | ||
| 653 | _aالادارة | ||
| 653 | _aبحوث العمليات | ||
| 942 | _cكتاب | ||
| 999 |
_c43791 _d43791 |
||